| 000 | 00344nam a22001457a 4500 | ||
|---|---|---|---|
| 020 | _a978-81-204-1710-6 | ||
| 041 | _aENG | ||
| 100 | _a Gill.P.W | ||
| 245 | _aFundamentals of Internal Combustion Engines | ||
| 250 | _a4 | ||
| 260 |
_aNew Delhi _bOxford & IBH Publishing Co.Pvt.Ltd _c2018 |
||
| 650 | _aFMP | ||
| 700 | _aSmith.J.H | ||
| 856 | _uFMP | ||
| 999 |
_c52 _d52 |
||